000 01174nam a2200241Ia 4500
999 _c39772
_d39772
001 6377
003 GE_BSU
005 20191125173848.0
008 181216s1986||||ge |||||||||||||| ||geo||
040 _cGE_BSU
041 _ageo
080 _a821.353.1-11 ჭ-15
100 _aჭავჭავაძე, ილია
_91252
245 _aრჩეული ნაწარმოებები 5 ტომად :
_bტ.3. წერილები ლიტერატურასა და ხელოვნებაზე /
_cტომი შეადგინეს და შენიშვნ. დაურთეს ს. ცაიშვილმა და გ. გვერდწითელმა.
264 _aთბილისი
_bსაბჭოთა საქართველო
_c1986
300 _a496 გვ. ;
_b20 გვ.
500 _aშენიშვნები გვ.484-946
541 _h10ლ.
653 _a ხელოვნება
700 _aცაიშვილი, ს.
_eშემდგენელი
_95572
700 _aგვერდწითელი, გ.
_eშემდგენელი
_93669
942 _cBK
_2udc